000 00301nam a22001337a 4500
008 170419b xxu||||| |||| 00| 0 eng d
020 _a9780130838179
041 _aeng
080 _26TH
_a573
100 _a11
101 _aSHM
245 _aBIOLOGY OF MICROORGANISMS
_cBROCK, TH.D
942 _2udc
_cBK
999 _c11127
_d11127